Modern projects and experiments in organic chemistry : (Record no. 3749)
[ view plain ]
| 000 -LEADER | |
|---|---|
| fixed length control field | 01008cam a22002894a 4500 |
| 001 - CONTROL NUMBER | |
| control field | 12892037 |
| 003 - CONTROL NUMBER IDENTIFIER | |
| control field | OSt |
| 005 - DATE AND TIME OF LATEST TRANSACTION | |
| control field | 20160425180331.0 |
| 008 - FIXED-LENGTH DATA ELEMENTS--GENERAL INFORMATION | |
| fixed length control field | 020812s2003 nyua b 000 0 eng |
| 010 ## - LIBRARY OF CONGRESS CONTROL NUMBER | |
| LC control number | 2002111343 |
| 020 ## - INTERNATIONAL STANDARD BOOK NUMBER | |
| International Standard Book Number | 0716797798 |
| 035 ## - SYSTEM CONTROL NUMBER | |
| System control number | (DLC) 2002111343 |
| 040 ## - CATALOGING SOURCE | |
| Original cataloging agency | DLC |
| Transcribing agency | DLC |
| Modifying agency | DLC |
| 042 ## - AUTHENTICATION CODE | |
| Authentication code | pcc |
| 050 00 - LIBRARY OF CONGRESS CALL NUMBER | |
| Classification number | QD257.5 |
| Item number | .M63 2003b |
| 082 00 - DEWEY DECIMAL CLASSIFICATION NUMBER | |
| Classification number | 547 |
| Edition number | 22 |
| Item number | MOD 2003 |
| 100 1# - MAIN ENTRY--PERSONAL NAME | |
| Personal name | Mohrig, Jerry R. |
| 9 (RLIN) | 8267 |
| 245 10 - TITLE STATEMENT | |
| Title | Modern projects and experiments in organic chemistry : |
| Remainder of title | miniscale and standard taper microscale / |
| Statement of responsibility, etc. | Jerry R. Mohrig ... [et al.]. |
| 250 ## - EDITION STATEMENT | |
| Edition statement | 2nd ed. |
| 260 ## - PUBLICATION, DISTRIBUTION, ETC. (IMPRINT) | |
| Place of publication, distribution, etc. | New York : |
| Name of publisher, distributor, etc. | W.H. Freeman, |
| Date of publication, distribution, etc. | 2003. |
| 300 ## - PHYSICAL DESCRIPTION | |
| Extent | xiv, 397 p. : |
| Other physical details | ill. ; |
| Dimensions | 28 cm. |
| 504 ## - BIBLIOGRAPHY, ETC. NOTE | |
| Bibliography, etc | Includes bibliographical references. |
| 650 #0 - SUBJECT ADDED ENTRY--TOPICAL TERM | |
| Topical term or geographic name as entry element | Chemistry, organic |
| General subdivision | Experiments. |
| 9 (RLIN) | 8268 |
| 906 ## - LOCAL DATA ELEMENT F, LDF (RLIN) | |
| a | 7 |
| b | cbc |
| c | orignew |
| d | 3 |
| e | epcn |
| f | 20 |
| g | y-gencatlg |
| 942 ## - ADDED ENTRY ELEMENTS (KOHA) | |
| Source of classification or shelving scheme | Dewey Decimal Classification |
| Koha item type | Short Loan |
| Withdrawn status | Lost status | Source of classification or shelving scheme | Damaged status | Not for loan | Home library | Current library | Date acquired | Inventory number | Total Checkouts | Full call number | Barcode | Date last seen | Price effective from | Koha item type | Source of acquisition |
|---|---|---|---|---|---|---|---|---|---|---|---|---|---|---|---|
| Dewey Decimal Classification | MUST Main Library | MUST Main Library | 25/04/2016 | 2004/20968 | 547 MOD 2003 | 2016-1292 | 25/04/2016 | 25/04/2016 | Short Loan | ||||||
| Dewey Decimal Classification | MUST Main Library | MUST Main Library | 25/04/2016 | 2004/20969 | 547 MOD 2003 | 2016-1293 | 25/04/2016 | 25/04/2016 | Short Loan | ||||||
| Dewey Decimal Classification | MUST Main Library | MUST Main Library | 13/10/2016 | 05/23747 | 547 MOD 2003 | 2016-4786 | 13/10/2016 | 13/10/2016 | Open Shelf | ||||||
| Dewey Decimal Classification | MUST Main Library | MUST Main Library | 10/11/2016 | 04/28004 | 547 MOD 2003 | 2016-4909 | 10/11/2016 | 10/11/2016 | Open Shelf | ||||||
| Dewey Decimal Classification | MUST Main Library | MUST Main Library | 28/03/2017 | 05/23748 | 547 MOD 2003 | 2017-0673 | 28/03/2017 | 28/03/2017 | Open Shelf | ||||||
| Dewey Decimal Classification | MUST Main Library | MUST Main Library | 18/02/2020 | 2005/23745 | 547 MOD 2003 | 2020-0505 | 18/02/2020 | 18/02/2020 | Open Shelf | Purchase | |||||
| Dewey Decimal Classification | MUST Main Library | MUST Main Library | 18/02/2020 | 2006/28006 | 547 MOD 2003 | 2020-0506 | 18/02/2020 | 18/02/2020 | Open Shelf | Purchase | |||||
| Dewey Decimal Classification | MUST Main Library | MUST Main Library | 19/02/2020 | 2005/23749 | 547 MOD 2003 | 2020-0509 | 19/02/2020 | 19/02/2020 | Open Shelf | Purchase | |||||
| Dewey Decimal Classification | MUST Main Library | MUST Main Library | 19/02/2020 | 2006/28003 | 547 MOD 2003 | 2020-0510 | 19/02/2020 | 19/02/2020 | Open Shelf | Purchase | |||||
| Dewey Decimal Classification | MUST Main Library | MUST Main Library | 19/02/2020 | 2005/23744 | 547 MOD 2003 | 2020-0511 | 19/02/2020 | 19/02/2020 | Open Shelf | Purchase | |||||
| Dewey Decimal Classification | MUST Main Library | MUST Main Library | 20/02/2020 | 2006/28005 | 547 MOD 2003 | 2020-0526 | 20/02/2020 | 20/02/2020 | Open Shelf | Purchase |
